Famous fairies - Statistics

General Stats
  • This quiz has been taken 51 times
    50 since last reset
  • The average score is 6 of 18
Answer Stats
Hint Answer % Correct
Fairy in Peter Pan Tinkerbell
93%
Sent Cinderella to the ball in a pumpkin Fairy Godmother
85%
Comes into your house at night and collects discarded things from your mouth Tooth Fairy
75%
Hans Christian-Anderson's fairy character, no bigger than a thumb Thumbelina
68%
Fairy that brought Pinnochio to life Blue fairy
58%
Fairy in Tchaikovsky's "Nutcracker" ballet Sugar Plum Fairy
50%
Wicked fairy of "Sleeping Beauty" Maleficent
48%
King of the fairies in Shakespeare's "A Midsummer Night's Dream" Oberon
38%
"Fairly Odd Parents" pink haired fairy Wanda
28%
"Fairly Odd Parents" green haired fairy Cosmo
25%
Fairy in Shakespeare's "The Tempest" Ariel
18%
Pokémon that is said to come from the moon Clefairy
15%
Fairy in Irish mythology, discarded as babies for being too ugly Leprechaun
10%
Fairy like being in Persian mythology that has been denied paradise Peri
10%
Famous photograph of these fairies by Elsie Wright in 1917 Cottingley Fairies
8%
King of the Fair Folk in "The Black Cauldron" King Eidilleg
3%
Tom's mentor in "The Water-Babies" Mrs Doasyouwouldbedoneby
3%
Dew Drop fairy of "The Dresden Files" Toot-Toot
3%
No matching quizzes found
Score Distribution
Percent of People with Each Score
Percentile by Number Answered
Your Score History
You have not taken this quiz since the last reset